| 000 | 01055nam a2200325 i 4500 | ||
|---|---|---|---|
| 999 |
_c3065 _d3065 |
||
| 001 | 020844354 | ||
| 003 | UkOxU | ||
| 005 | 20230929152816.0 | ||
| 008 | 160902s2017 enka 000|0|eng|d | ||
| 015 |
_aGBB6C7168 _2bnb |
||
| 016 | 7 |
_a018008651 _2Uk |
|
| 020 |
_a9780198378396 _qpaperback |
||
| 035 | _a(Uk)018008651 | ||
| 040 |
_aStDuBDS _beng _erda _cStDuBDS _dUkOxU _dKH8 |
||
| 082 | 0 | 4 |
_a510 RAY _223 |
| 100 | 1 |
_aRayner, David, _d1949 April 23- _eauthor. |
|
| 245 | 1 | 0 |
_aComplete mathematics for Cambridge IGCSE : _pRevision guide / _cDavid Rayner, Paul Williams. |
| 250 | _aFourth edition. | ||
| 264 | 1 |
_aOxford : _bOxford University Press, _c2017. |
|
| 264 | 4 | _c©2017 | |
| 300 |
_a170 pages : _billustrations ; _c30 cm |
||
| 336 |
_atext _2rdacontent |
||
| 337 |
_aunmediated _2rdamedia |
||
| 338 |
_avolume _2rdacarrier |
||
| 500 | _a"For the updated syllabus". | ||
| 500 | _a"Oxford excellence for Cambridge IGCSE". | ||
| 650 | 0 |
_aMathematics _xExaminations _vStudy guides. |
|
| 700 | 1 |
_aWilliams, Paul, _d1971- _eauthor. |
|
| 942 |
_2ddc _cTR |
||